Social research methods : (Record no. 3838)

000 -LEADER
fixed length control field 01250cam a22003134a 4500
001 - CONTROL NUMBER
control field 14035732
003 - CONTROL NUMBER IDENTIFIER
control field Nust
005 - DATE AND TIME OF LATEST TRANSACTION
control field 20170105101226.0
008 - FIXED-LENGTH DATA ELEMENTS--GENERAL INFORMATION
fixed length control field 050713s2006 maua b 001 0 eng
010 ## - LIBRARY OF CONGRESS CONTROL NUMBER
LC control number 2005051336
020 ## - INTERNATIONAL STANDARD BOOK NUMBER
International Standard Book Number 0205457932
035 ## - SYSTEM CONTROL NUMBER
System control number (OCoLC)ocm61131868
040 ## - CATALOGING SOURCE
Original cataloging agency DLC
Transcribing agency DLC
Modifying agency BAKER
-- C#P
-- OUB
-- DLC
042 ## - AUTHENTICATION CODE
Authentication code pcc
050 00 - LIBRARY OF CONGRESS CALL NUMBER
Classification number HM571
Item number .N48 2006
082 00 - DEWEY DECIMAL CLASSIFICATION NUMBER
Classification number 301/.072
Edition number 22
100 1# - MAIN ENTRY--PERSONAL NAME
Personal name Neuman, W. Lawrence
Fuller form of name (William Lawrence),
Dates associated with a name 1950-
245 10 - TITLE STATEMENT
Title Social research methods :
Remainder of title qualitative and quantitative approaches /
Statement of responsibility, etc. W. Lawrence Neuman.
250 ## - EDITION STATEMENT
Edition statement 6th ed.
260 ## - PUBLICATION, DISTRIBUTION, ETC.
Place of publication, distribution, etc. Boston :
Name of publisher, distributor, etc. Pearson/AandB,
Date of publication, distribution, etc. c2006.
300 ## - PHYSICAL DESCRIPTION
Extent viii, 592 p. :
Other physical details ill. ;
Dimensions 24 cm.
504 ## - BIBLIOGRAPHY, ETC. NOTE
Bibliography, etc. note Includes bibliographical references (p. 548-583 ) and indexes.
505 0# - FORMATTED CONTENTS NOTE
Formatted contents note Foundations -- Planning and preparation -- Quantitative data collection and analysis -- Qualitative data collection and analysis -- Communicating with others.
650 #0 - SUBJECT ADDED ENTRY--TOPICAL TERM
Topical term or geographic name entry element Sociology
General subdivision Research
-- Methodology.
650 #0 - SUBJECT ADDED ENTRY--TOPICAL TERM
Topical term or geographic name entry element Social sciences
General subdivision Research
-- Methodology.
9 (RLIN) 12
906 ## - LOCAL DATA ELEMENT F, LDF (RLIN)
a 7
b cbc
c orignew
d 1
e ocip
f 20
g y-gencatlg
942 ## - ADDED ENTRY ELEMENTS (KOHA)
Source of classification or shelving scheme
Koha item type Book
Holdings
Withdrawn status Lost status Source of classification or shelving scheme Damaged status Not for loan Permanent Location Current Location Shelving location Date acquired Total Checkouts Total Renewals Full call number Barcode Date last seen Date last checked out Price effective from Koha item type Collection code
          Central Library (CL) Central Library (CL) General Stacks 12/08/2016 3 1 001.42 NEU S3H-N-1740 07/31/2025 05/29/2025 12/08/2016 Book  
          Central Library (CL) Central Library (CL) General Stacks 07/27/2017 1   301/.072 NEU S3H-N-338 08/22/2023 10/16/2018 07/27/2017 Book  
© 2023 Central Library, National University of Sciences and Technology. All Rights Reserved.